Statistics for Kpop Groups of Three

Click here to take the quiz!

General Stats

  • This quiz has been taken 508 times
  • The average score is 28 of 48

Answer Stats

HintAnswer% Correct
"L (Infinite)
97%
Rappers in BTSSuga
95%
"Jackson
94%
"J-Hope
94%
"N (VIXX)
93%
"Rap Monster
93%
"JYP
91%
"SM
91%
"Big Three" entertainment companiesYG
91%
"Bam Bam
90%
"Momo
90%
"Sana
89%
Idols with 1-letter stage namesV (BTS)
89%
Non-Korean members of Got7Mark
88%
"Baekhyun
87%
Members of EXO CBXChen
87%
"Xiumin
87%
Japanese members of TwiceMina
83%
Members of Girl's Generation TTSTaeyeon
81%
"Kris
78%
"Tiffany
77%
"Tao
76%
Former members of EXOLuhan
74%
"Seohyun
58%
"TT
58%
Units of SeventeenVocal
58%
"Cheer Up
53%
"Taeil
50%
"Performance
49%
"Hip-hop
48%
"Doyoung
46%
Members of NCT U in "Without You"Jaehyun
46%
Twice title tracksLike Ooh-Ahh
45%
"Nana
35%
"P.O
34%
Current members of Ladies' CodeAshley
22%
"Chanmi
22%
"Lizzy
22%
"B-Bomb
21%
Members of Block B BastarzUkwon
21%
Red Velvet Mini albumsIce Cream Cake
19%
Members of Orange CaramelRaina
19%
Members of AOA CreamYuna
19%
"Hyejeong
14%
"Russian Roulette
14%
"The Velvet
10%
"Sojung
8%
"Zuny
7%

Score Distribution

Percentile by Number Answered

Percent of People with Each Score

Your Score History

You have not taken this quiz